000 00809nam a2200241 a 4500
001 50500
003 BD-RjUL
005 20211209075523.0
008 160827r19581947nyua f 000 0 eng
035 _a(BD-RjUL)50620
040 _aDLC
_cNjR
_dBD-RjUL
_beng
041 _aeng
082 _a513.1076
_223
_bHOP 1958
100 1 _aHorblit, Marcus.
_9151274
245 0 0 _aPlane geometry problems with solutions /
_cby Marcus Horblit and Kaj L. Nielsen.
260 _aNew York :
_bBarnes & Noble, inc.,
_c1947 [ Reprinted 1958 ]
300 _av, 197 p. :
_bill. ;
_c21 cm.
650 0 _aGeometry, Plane
_xProblems, exercises, etc.
_9151276
700 1 _aNielsen, Kaj Leo,
_d1914-
_ejoint author.
_9151277
830 _aCollege outline series
_9151278
942 _2ddc
_cBK
999 _c50500
_d50500